Bordering Countries Beginning With the Same Letter - Statistics

General Stats
  • This quiz has been taken 139,823 times
    126,509 since last reset
  • The average score is 20 of 30
Answer Stats
Letter Answer % Correct
Z Zambia
91%
Z Zimbabwe
91%
B Bolivia
78%
B Brazil
78%
M Mali
78%
M Mauritania
75%
K Kazakhstan
74%
E Ethiopia
73%
M Morocco
73%
C Chad
72%
E Eritrea
72%
A Armenia
71%
I Iran
71%
I Iraq
71%
K Kyrgyzstan
71%
A Azerbaijan
70%
C Cameroon
70%
L Latvia
68%
L Lithuania
68%
N Niger
68%
C Central African Republic
67%
N Nigeria
67%
S South Sudan
61%
S Sudan
61%
G Guinea
59%
G Guinea-Bissau
56%
M Malawi
52%
M Mozambique
52%
B Benin
46%
B Burkina Faso
44%
No matching quizzes found
Score Distribution
Percent of People with Each Score
Percentile by Number Answered
Your Score History
You have not taken this quiz since the last reset